Statistics for Random Things Missing on the World Map

Click here to take the quiz!

General Stats

  • This quiz has been taken 4,663 times
  • The average score is 12 of 20

Answers on the Map

Answers color-coded by a green-red scale on the quiz's map according to % correct below.
 

Answer Stats

Geographic Feature% Correct
Panama
99%
Iran
98%
Anatolia (Turkey)
96%
Uruguay
96%
Morocco
92%
Ireland
90%
Oman
90%
Portugal
90%
Yemen
90%
Uganda
87%
Chile
86%
Tunisia
84%
Sri Lanka
83%
Madagascar
82%
Greece
81%
Malay Peninsula
81%
Greenland
80%
Philippines
78%
Denmark
77%
Cuba
76%
Taiwan
76%
North Island
75%
Liberia
74%
Somalia
74%
Florida
72%
Korea
72%
Estonia
71%
Iceland
71%
Vietnam
71%
Hispaniola
64%
Honshu
64%
Borneo
63%
New Guinea
62%
Hokkaido
59%
Tasmania
59%
Brittany
57%
United Arab Emirates
55%
Sicily
50%
Sumatra
50%
Baja California
49%
Crimea
45%
Baffin Island
41%
Hawaii
32%
Sulawesi
32%
Kaliningrad
31%
Newfoundland
28%
Aleutian Peninsula
27%
Kamchatka
26%
Sakhalin
25%
Yucatán
24%
Cape York
21%
Nova Scotia
20%
Hainan
19%
Vancouver Island
17%
Victoria Island
16%

Score Distribution

Percentile by Number Answered

Percent of People with Each Score

Your Score History

You have not taken this quiz